000
00406nam a2200157Ia 4500
008
100122s9999 xx 000 0 und d
082
_b
68959
_a
927.92
100
_a
लागू श्रीराम
245
_a
लमाण
250
_a
0
260
_b
पॉप्युलर प्रकाशन
_c
2006
300
_a
355
630
_a
लमाण
730
_a
लमाण
942
_c
BOOK
999
_c
440461
_d
440458